The Chartered Surveyors Survey 1993 edition. (Record no. 91507)

MARC details
000 -LEADER
fixed length control field 00760cam a2200265 4500
001 - CONTROL NUMBER
control field J1594
008 - FIXED-LENGTH DATA ELEMENTS--GENERAL INFORMATION
fixed length control field 090401t1993 xxu||||| |||| 00| 0 eng d
035 ## - SYSTEM CONTROL NUMBER
System control number (Sirsi) u44377
041 ## - LANGUAGE CODE
Language code of text/sound track or separate title eng
050 ## - LIBRARY OF CONGRESS CALL NUMBER
Classification number 333.0065
110 ## - MAIN ENTRY--CORPORATE NAME
Corporate name or jurisdiction name as entry element Economic Development Briefing
9 (RLIN) 2461
245 #4 - TITLE STATEMENT
Title The Chartered Surveyors Survey 1993 edition.
260 ## - PUBLICATION, DISTRIBUTION, ETC.
Place of publication, distribution, etc. Cinderford, Glos.
Name of publisher, distributor, etc. Economic Development Briefing
Date of publication, distribution, etc. 1993
300 ## - PHYSICAL DESCRIPTION
Extent 124p. ; 30cm.
350 ## - PRICE (NR) (BK AM CF MU VM SE) [OBSOLETE]
Price 500
490 ## - SERIES STATEMENT
Series statement Economic Development Briefing
Volume/sequential designation XVII
650 ## - SUBJECT ADDED ENTRY--TOPICAL TERM
Topical term or geographic name entry element ABOUT RICS-RICS MEMBERS
650 ## - SUBJECT ADDED ENTRY--TOPICAL TERM
Topical term or geographic name entry element DIRECTORIES
650 ## - SUBJECT ADDED ENTRY--TOPICAL TERM
Topical term or geographic name entry element ESTATE AGENTS
650 ## - SUBJECT ADDED ENTRY--TOPICAL TERM
Topical term or geographic name entry element FEES
690 ## - LOCAL SUBJECT ADDED ENTRY--TOPICAL TERM (OCLC, RLIN)
Topical term or geographic name as entry element MANAGEMENT-BUSINESS MANAGEMENT-PROFESSIONAL PRACTICE
700 ## - ADDED ENTRY--PERSONAL NAME
Personal name Vom Hove, Tann
International Standard Serial Number Editor
942 ## - ADDED ENTRY ELEMENTS (KOHA)
Suppress in OPAC 0
948 ## - LOCAL PROCESSING INFORMATION (OCLC); SERIES PART DESIGNATOR (RLIN)
c (OCLC) 04/03/1997
Holdings
Withdrawn status Lost status Source of classification or shelving scheme Damaged status Not for loan Home library Current library Shelving location Date acquired Cost, normal purchase price Total Checkouts Full call number Barcode Date last seen Copy number Cost, replacement price Price effective from Koha item type
    Dewey Decimal Classification     London London Basement 12/07/1993 500.00   SHELF 322 30039112 06/08/2019 1 500.00 06/08/2019 Reference material
    Dewey Decimal Classification     London London Basement 12/07/1993 500.00   SHELF 322 30039113 06/08/2019 1 500.00 06/08/2019 Book